000
00294nam a2200133 4500
008
170125s ||||xo d
245
1
0
_a
Sv. Ludovít Mária Grignion z Monfortu
250
_a
2. vydanie
300
_a
426 s.
020
_c
0
041
1
_a
slo
044
_a
xo
_c
SK
958
_a
A
999
_c
21219
_d
21219